[Event "Treviso op-B 1st"]
[Site "Treviso"]
[Date "2017.03.18"]
[Round "2.8"]
[White "Paris, Giorgio"]
[Black "Garau, Francesca"]
[Result "1/2-1/2"]
[WhiteElo "1927"]
[BlackElo "1534"]
[PlyCount "138"]
[EventDate "2017.03.17"]
[EventType "swiss"]
[EventRounds "5"]
[EventCountry "ITA"]
[SourceTitle "EXT 2024"]
[Source "ChessBase"]
[SourceDate "2023.10.10"]
[SourceVersion "1"]
[SourceVersionDate "2023.10.10"]
[SourceQuality "1"]

1. e4 d5 2. exd5 Qxd5 3. Nc3 Qd6 4. d4 Nf6 5. Nf3 c6 6. h3 Bf5 7. Bd3 Bg6 8. 0-0 e6 9. Re1 Be7 10. Be3 Nbd7 11. Qd2 Nb6 12. Bf4 Qd8 13. Rad1 Nbd5 14. Nxd5 Nxd5 15. Be5 Bf6 16. c4 Nb6 17. d5 cxd5 18. Bxf6 Qxf6 19. Bxg6 hxg6 20. c5 Na4 21. Qxd5 0-0 22. Qxb7 Qxb2 23. Qxb2 Nxb2 24. Rd7 Rfd8 25. Rxd8+ Rxd8 26. Rc1 Rc8 27. Ne5 f6 28. Nxg6 Kf7 29. Nf4 e5 30. Nd5 Nd3 31. Rc3 Nxc5 32. Nb4 Ke6 33. Kf1 Kd7 34. Ke2 Ne6 35. Ra3 Nd4+ 36. Ke3 Ra8 37. Ra6 Nb5 38. Ke4 Nc7 39. Ra3 a5 40. Nd3 a4 41. Nb4 Nb5 42. Rg3 Rg8 43. Kd5 Nd4 44. Na6 Nf5 45. Rc3 Ne7+ 46. Ke4 Ra8 47. Nc5+ Kd6 48. Nb7+ Kd7 49. g4 Ra7 50. Nc5+ Kd6 51. Nd3 Ra5 52. Nb4 Ra8 53. f4 exf4 54. Kxf4 a3 55. Ke4 Ra4 56. Rc4 g6 57. Kd3 f5 58. gxf5 gxf5 59. Nc2 Ra5 60. Rc3 Nd5 61. Rxa3 Rxa3+ 62. Nxa3 Nb4+ 63. Ke3 Nxa2 64. Kf4 Ke6 65. Nc4 Nc1 66. h4 Kf6 67. Ne3 Ne2+ 68. Kf3 Nd4+ 69. Kf4 Kg6 1/2-1/2

[Event "Venice Autumn op 13th"]
[Site "Venice"]
[Date "2007.11.02"]
[Round "3"]
[White "Pastres, Roberto"]
[Black "Paris, Giorgio"]
[Result "0-1"]
[WhiteElo "2119"]
[BlackElo "2055"]
[PlyCount "52"]
[EventDate "2007.11.01"]
[EventType "swiss"]
[EventRounds "6"]
[EventCountry "ITA"]
[SourceTitle "EXT 2008"]
[Source "ChessBase"]
[SourceDate "2007.11.25"]
[SourceVersion "1"]
[SourceVersionDate "2007.11.25"]
[SourceQuality "1"]

1. e4 e5 2. Bc4 Nf6 3. d3 Nc6 4. Nc3 Be7 5. Nge2 Na5 6. Ng3 d6 7. 0-0 0-0 8. a4 Nxc4 9. dxc4 c6 10. Qd3 Qc7 11. Rd1 Rd8 12. f3 Be6 13. Be3 d5 14. exd5 cxd5 15. Nb5 Qb8 16. c5 a6 17. Na3 h6 18. Nf5 Bxf5 19. Qxf5 d4 20. Bd2 Bxc5 21. b4 Be7 22. Nc4 Qc8 23. Qxe5 Qxc4 24. Qxe7 Rd7 25. Qe5 Re8 26. Qf5 d3 0-1

[Event "GER-chT WK 3 U16"]
[Site "Kiel"]
[Date "2007.05.17"]
[Round "7.3"]
[White "Bonner, Christian"]
[Black "Paris, Giorgio"]
[Result "0-1"]
[WhiteElo "1028"]
[BlackElo "1212"]
[PlyCount "106"]
[EventDate "2007.05.17"]
[EventType "team-swiss"]
[EventRounds "7"]
[EventCountry "GER"]
[SourceTitle "EXT 2008"]
[Source "ChessBase"]
[SourceDate "2007.11.25"]
[SourceVersion "1"]
[SourceVersionDate "2007.11.25"]
[SourceQuality "1"]

1. e4 d5 2. exd5 Qxd5 3. Nc3 Qa5 4. Nf3 Bg4 5. Be2 Nd7 6. d3 c6 7. 0-0 Ngf6 8. Bd2 Qc7 9. Be3 e6 10. Ne4 Nxe4 11. dxe4 Bd6 12. g3 h5 13. Nh4 Bxe2 14. Qxe2 a6 15. a3 0-0-0 16. b4 Rdg8 17. f4 Be7 18. Nf3 h4 19. g4 e5 20. Qd2 g6 21. Nxe5 Nxe5 22. fxe5 Rd8 23. Qc3 Qd7 24. h3 Rdf8 25. Bd4 Rhg8 26. Rad1 Qe6 27. Bc5 f5 28. exf6 Bxf6 29. Qe3 Rd8 30. Rde1 Qe5 31. Qf3 Bg5 32. Be3 Rgf8 33. Qg2 Rxf1+ 34. Kxf1 Bxe3 35. Rxe3 Qf4+ 36. Qf3 Qh2 37. c4 Qc2 38. g5 Rd1+ 39. Re1 Qxc4+ 40. Kf2 Qd4+ 41. Re3 Rd2+ 42. Ke1 Rd1+ 43. Kf2 Qd6 44. e5 Rd2+ 45. Re2 Qd4+ 46. Qe3 Rxe2+ 47. Kxe2 Qb2+ 48. Kf3 Qc2 49. e6 Qf5+ 50. Ke2 Qc2+ 51. Kf3 Qd1+ 52. Ke4 Qd5+ 53. Kf4 Qf5# 0-1

[Event "GER-chT WK 3 U16"]
[Site "Kiel"]
[Date "2007.05.17"]
[Round "1.3"]
[White "Paris, Giorgio"]
[Black "Carmesin, Matthias"]
[Result "0-1"]
[WhiteElo "1212"]
[BlackElo "1610"]
[PlyCount "106"]
[EventDate "2007.05.17"]
[EventType "team-swiss"]
[EventRounds "7"]
[EventCountry "GER"]
[SourceTitle "EXT 2008"]
[Source "ChessBase"]
[SourceDate "2007.11.25"]
[SourceVersion "1"]
[SourceVersionDate "2007.11.25"]
[SourceQuality "1"]

1. d4 d5 2. e3 e6 3. Bd3 c5 4. c3 Nf6 5. f4 Be7 6. Nf3 b6 7. 0-0 0-0 8. Ne5 Ba6 9. Rf3 Qc7 10. Rh3 Bxd3 11. Qxd3 Ne4 12. Nd2 f5 13. Nxe4 fxe4 14. Qe2 Nd7 15. Qh5 Nf6 16. Qh4 Rfe8 17. g4 g6 18. g5 Nh5 19. Qg4 Bf8 20. Bd2 Bg7 21. Rc1 Qd6 22. Kf2 Rf8 23. b4 Bxe5 24. dxe5 Qxe5 25. Ke2 Qf5 26. Qg2 e5 27. Rxh5 gxh5 28. Rg1 exf4 29. exf4 Qg4+ 30. Qxg4 hxg4 31. Rxg4 Kg7 32. h4 Kg6 33. Rg1 Rad8 34. Rh1 Kh5 35. Rg1 d4 36. bxc5 bxc5 37. cxd4 cxd4 38. Bc1 Rc8 39. Kd1 e3 40. g6 hxg6 41. Rg5+ Kxh4 42. Rxg6 Rxf4 43. Bxe3 dxe3 44. Ke2 Rf2+ 45. Kxe3 Rxa2 46. Kf4 Rf8+ 47. Ke4 a5 48. Rh6+ Kg5 49. Rh1 a4 50. Rg1+ Kf6 51. Rf1+ Ke7 52. Re1 a3 53. Kd3+ Kd6 0-1

[Event "Alta Padovana op-B 5th"]
[Site "Loreggia"]
[Date "2005.02.27"]
[Round "5"]
[White "Tomio, Dante"]
[Black "Paris, Giorgio"]
[Result "1/2-1/2"]
[WhiteElo "1891"]
[BlackElo "1849"]
[PlyCount "69"]
[EventDate "2005.02.25"]
[EventType "swiss"]
[EventRounds "5"]
[EventCountry "ITA"]
[SourceTitle "EXT 2024"]
[Source "ChessBase"]
[SourceDate "2023.10.10"]
[SourceVersion "1"]
[SourceVersionDate "2023.10.10"]
[SourceQuality "1"]

1. d4 Nf6 2. Nf3 g6 3. c4 Bg7 4. Nc3 d5 5. cxd5 Nxd5 6. e4 Nxc3 7. bxc3 c5 8. Be2 Nc6 9. d5 Ne5 10. Bd2 0-0 11. 0-0 Nxf3+ 12. Bxf3 e6 13. Rb1 b6 14. Qc1 exd5 15. exd5 Bf5 16. Rb2 Re8 17. Rd1 Qf6 18. Be1 Rad8 19. Re2 c4 20. Rxe8+ Rxe8 21. Qa3 a5 22. Bd2 Bd3 23. Qc1 Bf8 24. Re1 Rxe1+ 25. Qxe1 Qe7 26. Qxe7 Bxe7 27. Be3 Bd8 28. d6 Bf5 29. Bc6 Be6 30. Kf1 f5 31. Ke2 Kf7 32. f4 Bc8 33. Bd4 Ke6 34. Be5 Ba6 35. Ke3 1/2-1/2

[Event "Treviso WE op 28th"]
[Site "Treviso"]
[Date "2004.12.08"]
[Round "5.4"]
[White "Paris, Giorgio"]
[Black "Solinas, Carlo"]
[Result "0-1"]
[WhiteElo "1771"]
[BlackElo "2094"]
[PlyCount "44"]
[EventDate "2004.12.04"]
[EventType "swiss"]
[EventCountry "ITA"]
[SourceTitle "EXT 2024"]
[Source "ChessBase"]
[SourceDate "2023.10.10"]
[SourceVersion "1"]
[SourceVersionDate "2023.10.10"]
[SourceQuality "1"]

1. e4 e5 2. Nf3 Nc6 3. c3 d5 4. Bb5 dxe4 5. Nxe5 Qg5 6. Qa4 Qxg2 7. Rf1 Bh3 8. d4 exd3 9. Nd2 Nge7 10. b3 f6 11. Nef3 Qg4 12. Qxg4 Bxg4 13. Ba3 0-0-0 14. 0-0-0 Nd5 15. Bxf8 Rhxf8 16. Kb2 Ne5 17. Nd4 c5 18. c4 Nf4 19. f3 Bh3 20. Rg1 g6 21. Nc2 dxc2 22. Kxc2 Bf5+ 0-1

[Event "Venice Salvioli op"]
[Site "Venice Sanudo"]
[Date "1999.03.14"]
[Round "6.5"]
[White "Vianello, Enrico"]
[Black "Paris, Giorgio"]
[Result "1-0"]
[WhiteElo "1835"]
[BlackElo "1671"]
[PlyCount "129"]
[EventDate "1999.02.28"]
[EventType "swiss"]
[EventRounds "6"]
[EventCountry "ITA"]
[SourceTitle "EXT 2023"]
[Source "ChessBase"]
[SourceDate "2022.10.05"]
[SourceVersion "1"]
[SourceVersionDate "2022.10.05"]
[SourceQuality "1"]

1. d4 d5 2. c4 c6 3. Nf3 Nf6 4. Nc3 e6 5. e3 Be7 6. Bd3 Nbd7 7. 0-0 0-0 8. Qc2 h6 9. b3 a6 10. Ne5 Nxe5 11. dxe5 Nd7 12. f4 f6 13. exf6 Bxf6 14. Bb2 b5 15. e4 b4 16. Ne2 Bxb2 17. Qxb2 Nc5 18. Rad1 Nxd3 19. Rxd3 Bb7 20. Kh1 Qf6 21. e5 Qf5 22. Qd2 c5 23. Ng3 Qh7 24. Qe2 g6 25. Qg4 d4 26. Qxe6+ Kh8 27. Qd6 Rac8 28. e6 Rfe8 29. f5 Rc6 30. Qe5+ Kg8 31. Ne4 Qg7 32. Qxg7+ Kxg7 33. Rg3 Rcxe6 34. fxe6 Bxe4 35. Rg4 Rxe6 36. Rgf4 Bf5 37. g4 Be4+ 38. Kg1 g5 39. Rf7+ Kg6 40. Rc7 Rc6 41. Re7 Bc2 42. Rff7 Bb1 43. Rg7+ Kf6 44. Rgf7+ Kg6 45. Rf2 d3 46. Re5 Rd6 47. Rd5 Rc6 48. Kf1 a5 49. Ke1 Re6+ 50. Kd1 Bc2+ 51. Kd2 Rc6 52. Rff5 Re6 53. Rde5 Rd6 54. Rxc5 Bb1 55. Rxa5 Re6 56. Rf2 Re4 57. Rg2 Rf4 58. a3 bxa3 59. Rxa3 Bc2 60. c5 Rf1 61. b4 Rd1+ 62. Kc3 Rc1 63. Kd4 Rb1 64. Ra6+ Kg7 65. Rb6 1-0